000 00634nam a2200181 4500
999 _c13823
_d13823
020 _a9789710094677
082 _aFil. 222.3 F5674s 2015
100 _aFlores, Emil M.
245 _aThe secret of Samson's super strength /
_cretold by Emil M. Flores ; illustrated by Paul Quiroga
260 _aMetro Manila
_bOMF Literature Inc.
_cc2015
300 _a30 pages :
_bchiefly colored illustrations ;
_c22.5 x 17 cm
490 _aWow god!
526 _a200-299
_d220
650 _aBible stories, English -- Old Testament
650 _aChildren's stories, Philippine (English)
650 _aChildren's stories, Tagalog
942 _2ddc
_cBK